Plan económico del territorio histórico de Bizkaia = Bizkaiko kondaira lurraldeko ekonomi egitasmoa : 1989-1992 1989-1992
Descripción Física:
2 v. : quadres ; 29 cm
MARC
| LEADER | 00000nam a2200000Ia 4500 | ||
|---|---|---|---|
| 001 | 18544, 18545 | ||
| 008 | 160829s1990 xx 000 0 cat d | ||
| 080 | |a M-5-347, M-5-348 | ||
| 110 | 1 | |a Biscaia (País Basc) |b Diputación Foral |9 69289 | |
| 245 | |a Plan económico del territorio histórico de Bizkaia = Bizkaiko kondaira lurraldeko ekonomi egitasmoa : |b 1989-1992 | ||
| 260 | |a Bizkaia : |b Diputación Foral de Bizaia. Hacienda y Finanzas, |c 1990 | ||
| 300 | |a 2 v. : |b quadres ; |c 29 cm | ||
| 590 | |a Text bilingüe castellà-basc. | ||
| 590 | |a v. 2: Programación presupuestaria = aurrekontuen programaketa | ||
| 610 | 1 | 0 | |a Biscaia (País Basc). |b Diputación Foral |x Assignacions pressupostàries i despeses |9 55722 |
| 650 | |a Biscaia (País Basc) |x Política econòmica |x S. XX |9 45057 | ||
| 650 | |a Biscaia (País Basc) |x Condicions econòmiques |x Estadístiques |9 45058 | ||
| 901 | |a Arxiu | ||
| 942 | |n 1 | ||
| 952 | |0 0 |1 0 |4 0 |6 M5347_M5348 |7 1 |9 52330 |a Arxiu |b Arxiu |d 2016-12-01 |l 0 |o M-5-347, M-5-348 |p 18544, 18545 |r 2016-12-01 00:00:00 |w 2016-12-01 |y ARXIU | ||
| 999 | |c 56178 |d 56178 | ||